|
|
|
|
| LEADER |
01557nam a2200409Ia 4500 |
| 001 |
EBC3572012 |
| 003 |
MiAaPQ |
| 005 |
20200520144314.0 |
| 006 |
m o d | |
| 007 |
cr cn||||||||| |
| 008 |
070914s2007 ne a sb 000 0 eng d |
| 020 |
|
|
|z 9086860338 (pbk.)
|
| 020 |
|
|
|z 9789086860333 (pbk.)
|
| 020 |
|
|
|z 9789086866144
|
| 035 |
|
|
|a (MiAaPQ)EBC3572012
|
| 035 |
|
|
|a (Au-PeEL)EBL3572012
|
| 035 |
|
|
|a (CaPaEBR)ebr10686727
|
| 035 |
|
|
|a (OCoLC)932327039
|
| 040 |
|
|
|a MiAaPQ
|c MiAaPQ
|d MiAaPQ
|
| 050 |
|
4 |
|a SF281
|b .H67 2007
|
| 245 |
0 |
0 |
|a Horse behaviour and welfare
|h [electronic resource] /
|c editors, M. Hausberger, E. Sondergaard and W. Martin-Rosset.
|
| 246 |
3 |
|
|a Horse behavior and welfare
|
| 260 |
|
|
|a Wageningen, The Netherlands :
|b Wageningen Academic Publishers,
|c 2007.
|
| 300 |
|
|
|a 152 p. :
|b ill.
|
| 490 |
1 |
|
|a EAAP publication,
|x 0071-2477 ;
|v no. 122
|
| 504 |
|
|
|a Includes bibliographical references.
|
| 533 |
|
|
|a Electronic reproduction. Ann Arbor, MI : ProQuest, 2016. Available via World Wide Web. Access may be limited to ProQuest affiliated libraries.
|
| 650 |
|
0 |
|a Horses
|x Behavior.
|
| 650 |
|
0 |
|a Animal welfare
|x Social aspects.
|
| 655 |
|
4 |
|a Electronic books.
|
| 700 |
1 |
|
|a Hausberger, Martine.
|
| 700 |
1 |
|
|a Sondergaard, E.
|q (Eva)
|
| 700 |
1 |
|
|a Martin-Rosset, William.
|
| 710 |
2 |
|
|a ProQuest (Firm)
|
| 710 |
2 |
|
|a European Association for Animal Production.
|
| 830 |
|
0 |
|a EAAP publication ;
|v no. 122.
|
| 856 |
4 |
0 |
|u https://ebookcentral.proquest.com/lib/matrademy/detail.action?docID=3572012
|z Click to View
|